000 00718cam a2200193 i 4500
005 20251108175900.0
008 250721s2023 jo a gr 000 0 ara d
020 _a9789923004302
082 1 4 _a025.00285
_bم ص ل
100 1 _aمصلح، وسام
_eمؤلف.
245 1 0 _aملامح مكتبات المستقبل :
_bدراسات وابحاث/
_cتأليف و اعداد الدكتور وسام مصلح.
264 1 _aعمان :
_bعصفور للنشر و التوزيع،
_c2023.
300 _a244 صفحة.
650 1 7 _aعلم المكتبات.
650 1 7 _aتكنولوجيا المعلومات.
650 1 7 _aاتمتة المكتبات.
942 _2ddc
_cBK
999 _c144658
_d144658